MARC details
| 000 -LEADER |
| fixed length control field |
01567cam a22004094a 4500 |
| 001 - CONTROL NUMBER |
| control field |
muse82374 |
| 003 - CONTROL NUMBER IDENTIFIER |
| control field |
MdBmJHUP |
| 005 - DATE AND TIME OF LATEST TRANSACTION |
| control field |
20210127151513.0 |
| 006 - FIXED-LENGTH DATA ELEMENTS--ADDITIONAL MATERIAL CHARACTERISTICS |
| fixed length control field |
m o d |
| 007 - PHYSICAL DESCRIPTION FIXED FIELD--GENERAL INFORMATION |
| fixed length control field |
cr||||||||nn|n |
| 008 - FIXED-LENGTH DATA ELEMENTS--GENERAL INFORMATION |
| fixed length control field |
850401s1981 nyu o 00 0 eng d |
| 020 ## - INTERNATIONAL STANDARD BOOK NUMBER |
| International Standard Book Number |
9780823287260 |
| 020 ## - INTERNATIONAL STANDARD BOOK NUMBER |
| Canceled/invalid ISBN |
0823209938 |
| 020 ## - INTERNATIONAL STANDARD BOOK NUMBER |
| Canceled/invalid ISBN |
9780823209934 |
| 035 ## - SYSTEM CONTROL NUMBER |
| System control number |
(OCoLC)1138573405 |
| 040 ## - CATALOGING SOURCE |
| Original cataloging agency |
MdBmJHUP |
| Transcribing agency |
MdBmJHUP |
| 100 1# - MAIN ENTRY--PERSONAL NAME |
| Personal name |
Bryant, William Cullen, |
| Dates associated with a name |
1794-1878. |
| 245 14 - TITLE STATEMENT |
| Title |
The Letters of William Cullen Bryant |
| Remainder of title |
Volume III, 1849-1857 / |
| Statement of responsibility, etc. |
edited by William Cullen Bryant II and Thomas G. Voss. |
| Number of part/section of a work |
Vol. III, |
| Name of part/section of a work |
1849-1857. |
| -- |
1849-1857. |
| Number of part/section of a work |
Vol. III, |
| 264 #1 - PRODUCTION, PUBLICATION, DISTRIBUTION, MANUFACTURE, AND COPYRIGHT NOTICE |
| Name of producer, publisher, distributor, manufacturer |
Fordham University Press |
| 264 #3 - PRODUCTION, PUBLICATION, DISTRIBUTION, MANUFACTURE, AND COPYRIGHT NOTICE |
| Name of producer, publisher, distributor, manufacturer |
Project MUSE, |
| 300 ## - PHYSICAL DESCRIPTION |
| Extent |
1 online resource (564 p., [9] p. pl.) : |
| Other physical details |
ill., portr. ; |
| 500 ## - GENERAL NOTE |
| General note |
Includes index. |
| 506 0# - RESTRICTIONS ON ACCESS NOTE |
| Terms governing access |
Open Access |
| Standardized terminology for access restriction |
Unrestricted online access |
| Source of term |
star |
| 588 ## - SOURCE OF DESCRIPTION NOTE |
| Source of description note |
Description based on print version record. |
| 600 11 - SUBJECT ADDED ENTRY--PERSONAL NAME |
| Personal name |
Bryant, William Cullen, |
| Dates associated with a name |
1794-1878. |
| 655 #0 - INDEX TERM--GENRE/FORM |
| Genre/form data or focus term |
Brieven (vorm) |
| Source of term |
gtt |
| 655 #7 - INDEX TERM--GENRE/FORM |
| Genre/form data or focus term |
Electronic books. |
| Source of term |
local |
| 700 1# - ADDED ENTRY--PERSONAL NAME |
| Personal name |
Bryant, William Cullen, |
| Titles and other words associated with a name |
II, |
| Dates associated with a name |
1908- |
| 773 08 - HOST ITEM ENTRY |
| Control subfield |
nnam |
| Relationship information |
(MP) |
| Title |
The letters of William Cullen Bryant |
| Record control number |
(NL-LeOCL)782161138 |
| -- |
(OCoLC)898836720 |
| 710 2# - ADDED ENTRY--CORPORATE NAME |
| Corporate name or jurisdiction name as entry element |
Project Muse. |
| Relator term |
distributor |
| 830 #0 - SERIES ADDED ENTRY--UNIFORM TITLE |
| Uniform title |
Book collections on Project MUSE. |
| 856 40 - ELECTRONIC LOCATION AND ACCESS |
| Public note |
Full text available: |
| Uniform Resource Identifier |
<a href="https://muse.jhu.edu/book/73006/">https://muse.jhu.edu/book/73006/</a> |